000 00455nam a2200169Ia 4500
008 230711s9999||||xx |||||||||||||| ||und||
020 _a978-81-239-1438-1
041 _aENG
082 _a615.321
_bAL-P
100 _aAli, Mohammed
245 0 _aPharmacognosy
_bPharmacognosy and PhytoChemistry(Volume 1)
250 _a1st Ed.
260 _c2007
_aNew Delhi
_bCBS Publishers & Distributors Pvt.Ltd
300 _a802p.
650 _aPharmacy
942 _cBK
999 _c7477
_d7477